000 00286nam a22001217a 4500
008 170208b xxu||||| |||| 00| 0 eng d
041 _aeng
080 _a618.2
100 _a2
101 _aINF
245 _aTHE PROBLEM-ORIENTED SYSTEM IN NURSING
_cVAUGHAN-WROBEL, B.C
942 _2udc
_cBK
999 _c4870
_d4870